Statistics for UEFA Euro 2016 Dream Team

Click here to take the quiz!

General Stats

  • This quiz has been taken 153 times
  • The average score is 7 of 11

Answer Stats

Answer% Correct
Cristiano Ronaldo
100%
Antoine Griezmann
84%
Gareth Bale
82%
Rui Patricio
77%
Pepe
76%
Aaron Ramsey
57%
Renato Sanches
57%
Toni Kroos
51%
Laurent Koscielny
42%
Raphaël Guerreiro
42%
Bacary Sagna
36%

Score Distribution

Percentile by Number Answered

Percent of People with Each Score

Your Score History

You have not taken this quiz